<?xml version="1.0" encoding="UTF-8"?>
<collection xmlns="http://www.loc.gov/MARC21/slim">
  <record>
    <leader>00000nam  2200000   4500</leader>
    <controlfield tag="Wor">$a 1</controlfield>
    <controlfield tag="001">$a INLIS000000000008377</controlfield>
    <controlfield tag="005">$a 20260604110112</controlfield>
    <controlfield tag="008">$a 260604################g##########0#eng##</controlfield>
    <datafield tag="022" ind1="#" ind2="#">
      <subfield code="a">-</subfield>
    </datafield>
    <datafield tag="035" ind1="#" ind2="#">
      <subfield code="a">0010-0626000004</subfield>
    </datafield>
    <datafield tag="082" ind1="#" ind2="#">
      <subfield code="a">428.62</subfield>
    </datafield>
    <datafield tag="084" ind1="#" ind2="#">
      <subfield code="a">428.62 LAD l</subfield>
    </datafield>
    <datafield tag="100" ind1="1" ind2="#">
      <subfield code="a">Lado, Robert</subfield>
    </datafield>
    <datafield tag="245" ind1="#" ind2="#">
      <subfield code="a">Lado english series :</subfield>
      <subfield code="b">a complete course in english as a second language (Book 5)</subfield>
      <subfield code="c">Lado, Robert; Sheridan, Bernadette; Silverio-Borges, Anette</subfield>
    </datafield>
    <datafield tag="246" ind1="#" ind2="#">
      <subfield code="a"/>
    </datafield>
    <datafield tag="260" ind1="#" ind2="#">
      <subfield code="a">Jakarta</subfield>
      <subfield code="b">Regents Indira</subfield>
      <subfield code="c">1980</subfield>
    </datafield>
    <datafield tag="300" ind1="#" ind2="#">
      <subfield code="a">iii, 198 hlm.</subfield>
      <subfield code="b">ilus.</subfield>
      <subfield code="c">22 cm</subfield>
      <subfield code="d"/>
    </datafield>
    <datafield tag="336" ind1="#" ind2="#">
      <subfield code="a"/>
    </datafield>
    <datafield tag="337" ind1="#" ind2="#">
      <subfield code="a"/>
    </datafield>
    <datafield tag="338" ind1="#" ind2="#">
      <subfield code="a"/>
    </datafield>
    <datafield tag="520" ind1=" " ind2="#">
      <subfield code="a"/>
    </datafield>
    <datafield tag="650" ind1=" " ind2="#">
      <subfield code="a">Bahasa Inggris</subfield>
    </datafield>
    <datafield tag="700" ind1=" " ind2="#">
      <subfield code="a">Sheridan, Bernadette</subfield>
    </datafield>
    <datafield tag="700" ind1="1" ind2="#">
      <subfield code="a">Silverio-Borges, Anette</subfield>
    </datafield>
    <datafield tag="740" ind1="#" ind2="#">
      <subfield code="a"/>
    </datafield>
    <datafield tag="856" ind1="#" ind2="#">
      <subfield code="a"/>
    </datafield>
  </record>
</collection>
